| 000 | 01220nmc a2200433 a 4500 | ||
|---|---|---|---|
| 003 | AR-BaBNM | ||
| 005 | 20251128203424.0 | ||
| 008 | 107019s1970 ||||||||||||||000 | spa|| | ||
| 040 | _cAR-BaBNM | ||
| 100 | 1 |
_aChevallier, Jean-Jacques _d1900-1983 |
|
| 245 | 1 | 0 | _aLos grandes textos políticos desde Maquiavelo a nuestros días |
| 260 |
_aMadrid _bAguilar _c1970 |
||
| 300 | _axx, 417 p. | ||
| 490 | 0 | _aBiblioteca de ciencias sociales. Política | |
| 504 | _aBibliografía: p. 413-417 | ||
| 600 | 1 | 4 | _aMaquiavelo, Nicolás |
| 600 | 1 | 4 |
_aBodin, Jean _d1530-1596 |
| 600 | 1 | 4 | _aHobbes, Thomas |
| 600 | 1 | 4 | _aLocke, John |
| 600 | 0 | 4 | _aSieyes |
| 600 | 1 | 4 | _aBurke, Edmund |
| 600 | 1 | 4 | _aToqueville, Alexis de |
| 600 | 1 | 4 | _aMarx, Karl |
| 600 | 1 | 4 | _aSorel, Georges |
| 600 | 1 | 4 | _aHitler, Adolfo |
| 650 | 4 | _aPOLITICA | |
| 650 | 4 | _aFILOSOFIA POLITICA | |
| 650 | 4 | _aESTRATEGIAS | |
| 650 | 4 | _aMETAS | |
| 650 | 4 | _aDOCTRINAS POLITICAS | |
| 650 | 4 | _aMARXISMO | |
| 650 | 4 | _aCIENCIAS POLITICAS | |
| 650 | 4 | _aDERECHOS CIVILES Y POLITICOS | |
| 650 | 4 | _aTEORIA POLITICA | |
| 700 | 1 |
_aSiegfried, André _eprologuista |
|
| 700 | 1 |
_aRodríguez Huescar, Antonio _etraductor |
|
| 942 | _cBK | ||
| 998 | _cSILVI | ||
| 999 |
_c3316 _d3316 |
||